Moral philosophy / (Record no. 62202)
[ view plain ]
| 000 -LEADER | |
|---|---|
| fixed length control field | 00908cam a2200289 a 4500 |
| 001 - CONTROL NUMBER | |
| control field | 3281556 |
| 003 - CONTROL NUMBER IDENTIFIER | |
| control field | NUST-PNEC |
| 005 - DATE AND TIME OF LATEST TRANSACTION | |
| control field | 20170116180741.0 |
| 008 - FIXED-LENGTH DATA ELEMENTS--GENERAL INFORMATION | |
| fixed length control field | 821005s1981 enk b 001 0 eng |
| 010 ## - LIBRARY OF CONGRESS CONTROL NUMBER | |
| LC control number | 82110536 |
| 020 ## - INTERNATIONAL STANDARD BOOK NUMBER | |
| International Standard Book Number | 0192891367 |
| 020 ## - INTERNATIONAL STANDARD BOOK NUMBER | |
| International Standard Book Number | 0195773179 |
| 020 ## - INTERNATIONAL STANDARD BOOK NUMBER | |
| International Standard Book Number | 0192191497 |
| 040 ## - CATALOGING SOURCE | |
| Transcribing agency | PNEC |
| 050 00 - LIBRARY OF CONGRESS CALL NUMBER | |
| Classification number | BJ1025 |
| Item number | .R36 1981 |
| 082 00 - DEWEY DECIMAL CLASSIFICATION NUMBER | |
| Classification number | 170 RAP |
| Edition number | 19 |
| 100 1# - MAIN ENTRY--PERSONAL NAME | |
| Personal name | Raphael, D. D. |
| Fuller form of name | (David Daiches), |
| Dates associated with a name | 1916- |
| 245 10 - TITLE STATEMENT | |
| Title | Moral philosophy / |
| Statement of responsibility, etc. | D.D. Raphael. |
| 260 ## - PUBLICATION, DISTRIBUTION, ETC. | |
| Place of publication, distribution, etc. | Oxford ; |
| -- | New York : |
| Name of publisher, distributor, etc. | Oxford University Press, |
| Date of publication, distribution, etc. | 1981. |
| 300 ## - PHYSICAL DESCRIPTION | |
| Extent | 120 p. ; |
| Dimensions | 20 cm. |
| 500 ## - GENERAL NOTE | |
| General note | Includes index. |
| 504 ## - BIBLIOGRAPHY, ETC. NOTE | |
| Bibliography, etc. note | Bibliography: p. [116]-117. |
| 650 #0 - SUBJECT ADDED ENTRY--TOPICAL TERM | |
| Topical term or geographic name entry element | Ethics. |
| 856 ## - ELECTRONIC LOCATION AND ACCESS | |
| Uniform Resource Identifier | <a href="http://www.amazon.com/Moral-Philosophy-D-Raphael/dp/0192891367/ref=sr_1_1?s=books&ie=UTF8&qid=1419106618&sr=1-1&keywords=0192891367">http://www.amazon.com/Moral-Philosophy-D-Raphael/dp/0192891367/ref=sr_1_1?s=books&ie=UTF8&qid=1419106618&sr=1-1&keywords=0192891367</a> |
| 906 ## - LOCAL DATA ELEMENT F, LDF (RLIN) | |
| a | 7 |
| b | cbc |
| c | orignew |
| d | 3 |
| e | ncip |
| f | 19 |
| g | y-gencatlg |
| 942 ## - ADDED ENTRY ELEMENTS (KOHA) | |
| Source of classification or shelving scheme | |
| Koha item type | Book |
| Withdrawn status | Lost status | Source of classification or shelving scheme | Damaged status | Not for loan | Permanent Location | Current Location | Shelving location | Date acquired | Source of acquisition | Cost, normal purchase price | Total Checkouts | Full call number | Barcode | Date last seen | Cost, replacement price | Price effective from | Koha item type |
|---|---|---|---|---|---|---|---|---|---|---|---|---|---|---|---|---|---|
| Pakistan Navy Engineering College (PNEC) | Pakistan Navy Engineering College (PNEC) | 12/07/1998 | Library / Reference Grant | 15.00 | 170 RAP | PNECLIB-020701 | 12/21/2014 | 15.00 | 12/07/1998 | Book | |||||||
| Pakistan Navy Engineering College (PNEC) | Pakistan Navy Engineering College (PNEC) | 12/07/1998 | Library / Reference Grant | 15.00 | 170 RAP | PNECLIB-020702 | 12/21/2014 | 15.00 | 12/07/1998 | Book | |||||||
| Pakistan Navy Engineering College (PNEC) | Pakistan Navy Engineering College (PNEC) | 12/07/1998 | Library / Reference Grant | 15.00 | 170 RAP | PNECLIB-020703 | 12/21/2014 | 15.00 | 12/07/1998 | Book | |||||||
| Pakistan Navy Engineering College (PNEC) | Pakistan Navy Engineering College (PNEC) | 12/07/1998 | Library / Reference Grant | 15.00 | 170 RAP | PNECLIB-020704 | 12/21/2014 | 15.00 | 12/07/1998 | Book | |||||||
| Pakistan Navy Engineering College (PNEC) | Pakistan Navy Engineering College (PNEC) | 12/07/1998 | Library / Reference Grant | 15.00 | 170 RAP | PNECLIB-020705 | 12/21/2014 | 15.00 | 12/07/1998 | Book | |||||||
| Pakistan Navy Engineering College (PNEC) | Pakistan Navy Engineering College (PNEC) | 12/07/1998 | Library / Reference Grant | 15.00 | 170 RAP | PNECLIB-020706 | 12/21/2014 | 15.00 | 12/07/1998 | Book | |||||||
| Pakistan Navy Engineering College (PNEC) | Pakistan Navy Engineering College (PNEC) | 12/07/1998 | Library / Reference Grant | 15.00 | 170 RAP | PNECLIB-020707 | 12/21/2014 | 15.00 | 12/07/1998 | Book | |||||||
| Pakistan Navy Engineering College (PNEC) | Pakistan Navy Engineering College (PNEC) | 12/07/1998 | Library / Reference Grant | 15.00 | 170 RAP | PNECLIB-020708 | 12/21/2014 | 15.00 | 12/07/1998 | Book | |||||||
| Pakistan Navy Engineering College (PNEC) | Pakistan Navy Engineering College (PNEC) | 12/07/1998 | Library / Reference Grant | 15.00 | 170 RAP | PNECLIB-020709 | 12/21/2014 | 15.00 | 12/07/1998 | Book | |||||||
| Pakistan Navy Engineering College (PNEC) | Pakistan Navy Engineering College (PNEC) | 12/07/1998 | Library / Reference Grant | 15.00 | 170 RAP | PNECLIB-020710 | 12/21/2014 | 15.00 | 12/07/1998 | Book | |||||||
| Pakistan Navy Engineering College (PNEC) | Pakistan Navy Engineering College (PNEC) | 12/07/1998 | Library / Reference Grant | 15.00 | 170 RAP | PNECLIB-020711 | 12/21/2014 | 15.00 | 12/07/1998 | Book | |||||||
| Pakistan Navy Engineering College (PNEC) | Pakistan Navy Engineering College (PNEC) | 12/07/1998 | Library / Reference Grant | 15.00 | 170 RAP | PNECLIB-020712 | 12/21/2014 | 15.00 | 12/07/1998 | Book | |||||||
| Pakistan Navy Engineering College (PNEC) | Pakistan Navy Engineering College (PNEC) | 12/07/1998 | Library / Reference Grant | 15.00 | 170 RAP | PNECLIB-020714 | 12/21/2014 | 15.00 | 12/07/1998 | Book | |||||||
| Pakistan Navy Engineering College (PNEC) | Pakistan Navy Engineering College (PNEC) | 12/07/1998 | Library / Reference Grant | 15.00 | 170 RAP | PNECLIB-020715 | 12/21/2014 | 15.00 | 12/07/1998 | Book |
